000 00603nam a2200205 a 4500
005 20140310183142.0
008 021119s19uu xx 00 eng d
020 _a9711002582 (bp)
020 _a9711002590 (np)
050 _aHD 5701
_b.An561 1997
100 _aAndres, Tomas D.
245 _aOrganizing a Training Program :
_ba manual /
_cTomas D. Andres.
260 _aQuezon City, Philippines :
_bNew Day Publisher,
_c1997.
300 _a148 p. :
_bill. ;
_c21 cm.
521 _aBSBA
650 _aEmployees
_xtraining.
650 _aTraining program.
942 _cBK
_2lcc
_kLOC
999 _c19422
_d19422